| 000 | 00762nam a2200217 a 4500 | ||
|---|---|---|---|
| 001 | 000022284 | ||
| 005 | 20200930011651.0 | ||
| 008 | 100921s1983 dr a 001 0 spa d | ||
| 040 |
_aDO-SdBNP _bspa _cBNPHU |
||
| 082 |
_a631.526 _bR426g |
||
| 110 | 1 |
_aRepública Dominicana _bSecretaría de Estado de Agricultura _917769 |
|
| 245 | 1 | 0 |
_aGuía técnica sobre el cultivo de la papa / _cSamuel concepción Tio. |
| 260 |
_aSantiago de los Caballeros, República Dominicana : _bCentro de Desarrollo Agropecuario, Zona Norte, _c1983. |
||
| 300 |
_a45 p. ; _c22 cm. |
||
| 490 | 1 | _aD-11-FT | |
| 504 | _aBibliografía : p. 45 | ||
| 650 | 4 |
_aPapas (tuerculos) _xCultivo _946039 |
|
| 700 | 1 |
_aConcepción Tio, Samuel _946040 |
|
| 830 | 0 |
_aD-11-FT _946041 |
|
| 049 | _aBNPD | ||
| 999 |
_c21782 _d21782 |
||